00490nam a22001577a 450000500170000002000270001703500130004403700210005708200120007824500650009025000120015526000430016727000710021030000320028150000190031320170601105743.0 a9789350718834c1250.00 aB-666072 adplbVariety/Ven a343.052 aTaxmann's income tax act :bas amended by Finance Act 2016 / a60th ed aNew DelhibTaxmann Publicationsc2016 a59/32, New Rohtak Road,bNew Delhi e110005k+91-11-45562222l-m- avarious pagings c25cm(pbk) aIncludes index